00493nam a2200217Ia 450000500170000000800460001702000180006303700100008104000080009104000080009904000080010704100080011504100080012308400080013110000120013924500260015126000310017726000090020865000160021785600420023320260306154447.0008 260114s9999 xx 000 0 eng d a9781009028981 aEBOOK aCRL beng cCRL 2eng aeng qCRL aVazquez 0aSuspension of Belief  bCambridge University Press c2024 a Philosophy uhttps://doi.org/10.1017/9781009028981